000 02279nam a2200409 i 4500
005 20220317001335.0
008 161108s2011 ck a gs 000 0 spa d
020 _a9799586149029
020 _a9586149021
040 _aCO-BoRNBP
_bspa
_cCO-BoRNBP
_erda
041 0 _aspa
082 0 4 _a320.9861
_bI57c
110 1 _aUniversidad Nacional de Colombia
_bInstituto de Estudios Políticos y Relaciones Internacionales
_970917
245 1 0 _aColombia
_bcambio de siglo, balances y perspectivas
_bInstituto de Estudios Políticos y Relaciones Internacionales ; Universidad Nacional de Colombia ; edición Juan Carlos Rodríguez Raga
250 _aPrimera edición
264 1 _aBogotá
_bPlaneta
_c2011
300 _a309 páginas
_bilustraciones y mapas en blanco y negro
_c23 cm
336 _atexto
_btxt
_2rdacontent
337 _asin mediación
_bn
_2rdamedia
338 _avolumen
_bnc
_2rdacarrier
490 _aLa línea del horizonte
500 _aIncluye datos biográficos de los autores
504 _aIncluye bibliografía
505 1 _aViolencia, guerra civil, contrato social -- De la prohibición a la guerra: el narcotráfico colombiano en el siglo XX -- Democracia dubitativa -- La política exterior de Colombia: la estrella polar está de vuelta -- La región y la nación en la sociedad global -- Colombia Siglo XXI -- Sobre las constituciones de Colombia
650 1 4 _aProblemas sociales
_vEnsayos
_zColombia
_2LEMB
650 1 4 _aConflicto armado
_vEnsayos
_zColombia
_2LEMB
650 1 4 _aDemocracia
_vEnsayos
_zColombia
_2LEMB
700 1 _aUniversidad Nacional de Colombia (Bogotá). Instituto de Estudios Políticos y Relaciones Internacionales Ramírez Tobón, William López Restrepo, Andrés Gutiérrez Sanín, Francisco Restrepo, Luis Alberto Borja, Miguel Wills Obregón, María Emma Gómez Albarello
_9127994
740 0 2 _aViolencia, guerra civil, contrato social
740 0 2 _aDe la prohibición a la guerra: el narcotráfico colombiano en el siglo XX
740 0 2 _aDemocracia dubitativa
740 0 2 _aLa política exterior de Colombia: la estrella polar está de vuelta
740 0 2 _aLa región y la nación en la sociedad global
740 0 2 _aColombia Siglo XXI
740 0 2 _aSobre las constituciones de Colombia
942 _2ddc
_cBK
999 _c6664
_d6664